| 000 | 01432cam a2200385 a 4500 | ||
|---|---|---|---|
| 999 |
_c23964 _d23964 |
||
| 001 | vtls011534605 | ||
| 005 | 20251024075303.0 | ||
| 008 | 170706s2015 xo ab g 000 0 slo | ||
| 020 | _a9788071404866 (brož.) | ||
| 035 | _aAB39CBE2-343B-4229-B54E-AF4D0022CEA3 | ||
| 035 | _aurn:nbn:sk:snk-amlli4 | ||
| 035 | _aurn:nbn:sk:snk-am00bf24 | ||
| 040 |
_aSVKBB _bslo _cSVKBB _dSNK _eAACR2 |
||
| 041 | 0 | _aslo | |
| 044 |
_axo _cSK |
||
| 072 | 7 |
_a2-23/-27 _xBiblia. Biblistika _2konspekt |
|
| 080 |
_a27-23 _22011 |
||
| 080 |
_a27-232/-236 _22011 |
||
| 080 |
_a(0:82-9) _22011 |
||
| 245 | 0 | 0 |
_aBiblia _bPísmo sväté Starej a Novej zmluvy : [podľa vydania Slovenskej evanjelickej cirkvi augsburského vyznania v ČSSR a v Spojených biblických spoločnostiach (Londýn) z roku 1979 _ctext overili Juraj Bándy, Ján Grešo, Igor Kišš] |
| 250 | _aReedícia | ||
| 260 |
_aLiptovský Mikuláš _bTranoscius _c2015 |
||
| 300 |
_a299, [17] s. _bmp., tab. _c18 cm |
||
| 630 | 0 | 7 |
_aBiblia _2SNKPH _92768 |
| 630 | 0 | 7 |
_aBible _2SNKPHeng _95048 |
| 650 | 0 | 7 |
_aBiblical texts _2SNKPHeng _95049 |
| 650 | 0 | 7 |
_abiblické texty _2SNKPH _95050 |
| 655 | 7 |
_atexty _2SNKPH _92004 |
|
| 655 | 7 |
_aTexts _2SNKPHeng _92006 |
|
| 700 | 1 |
_aBándy, Juraj, _d1950- _4oth _95051 |
|
| 700 | 1 |
_aGrešo, Ján, _d1933-2013 _4oth _95052 |
|
| 700 | 1 |
_aKišš, Igor, _d1932-2018 _4oth _95053 |
|
| 958 | _aNT | ||